| 000 | 01206nam a2200205 a 4500 | ||
|---|---|---|---|
| 999 |
_c8006 _d8006 |
||
| 003 | OSt | ||
| 005 | 20241219174755.0 | ||
| 008 | 130130s2009||||||||||||||||||||||||||||d | ||
| 040 |
_aCDMR _bcat _cCDMR |
||
| 110 | 2 |
_92397 _aGrup de Periodistes Ramon Barnils |
|
| 245 | 0 |
_aViolències masclistes contra periodistes [Recurs electrònic] _b: com impacten en les dones en la professió i condicionen l’exercici del periodisme a Catalunya _c/ [aquest informe l’ha elaborat Mèdia.cat, l’Observatori Crític dels Mitjans impulsat pel Grup de Periodistes Ramon Barnils, amb el suport de la Fundació Catalunya - Fons per a la Defensa dels Drets dels Catalans ; redacció: Meritxell Rigol] |
|
| 260 |
_a[Barcelona] _b: Grup de Periodistes Ramon Barnils _c, 2024 |
||
| 300 | _a50 pàgines (PDF) | ||
| 650 | 0 |
_93818 _aMitjans de comunicació de massa i dones _zCatalunya |
|
| 650 | 0 |
_92913 _aDones periodistes _zCatalunya |
|
| 650 | 0 |
_94838 _aViolència envers les dones en els mitjans de comunicació de massa _zCatalunya |
|
| 700 |
_94997 _aRigol, Meritxell |
||
| 856 |
_uhttps://www.media.cat/wp-content/uploads/2024/12/informe-violencies-masclistes-periodistes.pdf _zAccés en línia |
||
| 942 |
_cRECURS_WEB _2udc |
||